000 00337nam a22001337a 4500
020 _a9380235313
020 _a9789380235318
082 _a660.6
_bRAN/PH
245 _aPhysio-biochemistry and biotechnology of vegetables
260 _aNew Delhi
_bNew India Publishing Agency
_c2011
300 _a600p
700 _aRana, M.K
942 _cBK
999 _c13729
_d13729